[Event "Gatineau op U1500"]
[Site "Gatineau"]
[Date "2014.03.01"]
[Round "2"]
[White "Demchenko, Svitlana"]
[Black "Gunn, Richard"]
[Result "1-0"]
[WhiteElo "1369"]
[BlackElo "1206"]
[PlyCount "58"]
[EventDate "2014.02.28"]
[EventType "swiss"]
[EventRounds "5"]
[EventCountry "CAN"]
[SourceTitle "EXT 2022"]
[Source "ChessBase"]
[SourceDate "2021.10.06"]
[SourceVersion "1"]
[SourceVersionDate "2021.10.06"]
[SourceQuality "1"]

1. e4 a6 2. d4 Nf6 3. Nc3 d6 4. Nf3 g6 5. Bd3 Bg7 6. h3 0-0 7. Be3 Nbd7 8. 0-0 e5 9. dxe5 Nxe5 10. Nxe5 dxe5 11. Qd2 b5 12. a3 Bb7 13. Rad1 Qe7 14. b4 Ne8 15. Be2 Nd6 16. Bc5 Rfd8 17. Nd5 Bxd5 18. Qxd5 Qh4 19. f3 Nf5 20. Qb3 Nd4 21. Bxd4 exd4 22. f4 Rac8 23. Bg4 Rb8 24. Be2 Rb6 25. Qf3 Rc6 26. Bd3 Rc3 27. Ra1 c5 28. bxc5 Bf8 29. Qf2 Bxc5 1-0

[Event "Montreal Juste pour jouer"]
[Site "Montreal"]
[Date "2012.10.05"]
[Round "1.31"]
[White "Gunn, Richard"]
[Black "Saine, Zachary"]
[Result "0-1"]
[WhiteElo "1020"]
[BlackElo "1459"]
[PlyCount "114"]
[EventDate "2012.10.05"]
[EventType "swiss"]
[EventRounds "7"]
[EventCountry "CAN"]
[SourceTitle "EXT 2022"]
[Source "ChessBase"]
[SourceDate "2021.10.06"]
[SourceVersion "1"]
[SourceVersionDate "2021.10.06"]
[SourceQuality "1"]

1. Nf3 Nf6 2. g3 g6 3. Bg2 Bg7 4. c4 e6 5. d4 d5 6. Nc3 0-0 7. 0-0 b6 8. Qd3 c6 9. Ne5 Bb7 10. b3 Nbd7 11. f4 Rb8 12. Ba3 Re8 13. Bd6 Rc8 14. c5 bxc5 15. dxc5 Qa5 16. b4 Qa3 17. Rab1 Ba6 18. Rb3 Qxb3 19. axb3 Bxd3 20. exd3 d4 21. Ne4 Nd5 22. Nxd7 f6 23. Ra1 Ra8 24. b5 cxb5 25. c6 a5 26. Nec5 Rac8 27. Nxe6 Rxc6 28. Bxd5 Rxd6 29. Nxg7+ Kxg7 30. Be4 Rxe4 31. Nc5 Re2 32. Rxa5 Rb6 33. Ra7+ Kh6 34. Rd7 Rb8 35. Rxd4 Ra8 36. Kf1 Rc2 37. Na4 bxa4 38. Rxa4 Rxa4 39. bxa4 Rxh2 40. a5 Ra2 41. a6 Kh5 42. a7 Rxa7 43. Ke2 Kg4 44. d4 Ra5 45. Kd3 Rd5 46. Ke4 Kxg3 47. Kxd5 Kxf4 48. Kc4 h5 49. Kd3 h4 50. Ke2 h3 51. Kf1 Kf3 52. Kg1 Kg3 53. Kh1 f5 54. Kg1 f4 55. Kh1 f3 56. Kg1 f2+ 57. Kh1 f1R# 0-1